| 000 | 00556nam a2200169Ia 4500 | ||
|---|---|---|---|
| 008 | 090201s9999 xx 000 0 und d | ||
| 010 | _aKPL-62507 | ||
| 040 | _bमराठी | ||
| 041 | _aमराठी | ||
| 082 |
_a33952 _b62507 |
||
| 100 | _aयशवंत पाठक | ||
| 245 |
_aआभाळाचं अनुष्ठान _cयशवंत पाठक |
||
| 260 |
_c2004 _bग्रंथाली प्रकाशन |
||
| 300 |
_a177 _bमोठा |
||
| 600 | _aआभाळाचं अनुष्ठान | ||
| 942 | _cBOOK | ||
| 999 |
_c232174 _d232174 |
||